Sistema de información para la dirección de extensión universitaria DEU: Anexo
Presenta la implementación de un portal Web para la dirección de extensión universitaria, el cual funcionara como una bolsa de empleos en la cual las empresas podrán registrarse y solicitar a través del mismo personal para contratación o bien personal para pasantías o capacitación.
| Main Authors: | , |
|---|---|
| Other Authors: | |
| Format: | Tesis Section = Libro |
| Language: | Undetermined Spanish |
| Published: |
Managua
UNI
2011
|
| Subjects: |
| LEADER | 01133nam a2200253Ia 4500 | ||
|---|---|---|---|
| 008 | 240830s9999 xx 000 0 und d | ||
| 040 | |a BIBLIOTECA-RUSB/ T.Mon 005.74 B826a | ||
| 041 | |a spa | ||
| 082 | |a T.Mon 005.74 B826a | ||
| 100 | 1 | |a Bravo Gallo, Richard Alexander | |
| 100 | 1 | |b Avilés Mejía, Edgard Ulises | |
| 245 | 1 | 0 | |a Sistema de información para la dirección de extensión universitaria DEU: Anexo |
| 260 | |a Managua |b UNI |c 2011 | ||
| 300 | |a 20 p. :il. | ||
| 502 | |a Tesis (Ingeniero en Computación) - UNI, 2011. | ||
| 520 | 3 | |a Presenta la implementación de un portal Web para la dirección de extensión universitaria, el cual funcionara como una bolsa de empleos en la cual las empresas podrán registrarse y solicitar a través del mismo personal para contratación o bien personal para pasantías o capacitación. | |
| 650 | 7 | |a SISTEMA DE INFORMACIÓN | |
| 650 | 7 | |b BASES DE DATOS | |
| 650 | 7 | |c APLICACIONES WEB | |
| 650 | 7 | |d SERVICIOS DE INFORMACIÓN - DIRECCIÓN DE EXTENSIÓN UNIVERSITARIA | |
| 700 | 1 | |a Tutor: |b Roldán Paredes, Ariel | |
| 942 | |c BK |2 ddc | ||
| 991 | |a TESIS | ||
| 999 | |c 21605 | ||